[Event "Junior Online 4NCL Division 5"]
[Site "online"]
[Date "2020.05.14"]
[Round "5.203"]
[White "Shotton, Alex"]
[Black "Clegg, Anya"]
[Result "1-0"]
[WhiteElo "1067"]
[BlackElo "1142"]
[PlyCount "100"]
[EventDate "2020.05.14"]
[WhiteTeam "Uxbridge Juniors Jamma"]
[BlackTeam "Bristol Bishops"]

1. e4 e5 2. Nf3 Nc6 3. d3 d6 4. b3 Nf6 5. Nc3 g6 6. Be3 Bg7 7. g3 O-O 8. Bh3
Bxh3 9. Ng5 Bg4 10. Nf3 d5 11. exd5 Nxd5 12. Ne4 Nxe3 13. fxe3 f5 14. Nc5 f4
15. h3 Bxf3 16. Qxf3 fxe3 17. Ne6 Rxf3 18. Nxd8 Rxd8 19. Rf1 Rxg3 20. Rh1 Nd4
21. Rc1 Nf3+ 22. Ke2 Nd4+ 23. Ke1 e2 24. c3 Bh6 25. Ra1 Nc2+ 26. Kxe2 Nxa1 27.
Rxa1 Rdxd3 28. Kf2 Rxh3 29. Kg2 Rhe3 30. Kf2 Rd2+ 31. Kf1 Rxc3 32. Ke1 Rh2 33.
Kf1 Rc1+ 34. Rxc1 Bxc1 35. Kg1 Rd2 36. Kf1 e4 37. Ke1 Rh2 38. Kd1 Bf4 39. Ke1
e3 40. Kf1 Bg3 41. Kg1 Rxa2 42. Kf1 e2+ 43. Kg2 e1=Q+ 44. Kf3 Qf2+ 45. Ke4 Re2+
46. Kd3 Rd2+ 47. Kc3 Be5+ 48. Kb4 Rc2 49. Ka3 Qb6 50. Ka4 Ra2# 1-0

[Event "Junior Online 4NCL Division 5"]
[Site "online"]
[Date "2020.05.14"]
[Round "5.204"]
[White "Manouvel, Maelys"]
[Black "Ng, Jacob"]
[Result "1-0"]
[WhiteElo "1037"]
[BlackElo "925"]
[PlyCount "57"]
[EventDate "2020.05.14"]
[WhiteTeam "Bristol Bishops"]
[BlackTeam "Uxbridge Juniors Jamma"]

1. e4 e5 2. Nf3 Nc6 3. Bb5 f6 4. O-O Nge7 5. Nc3 a6 6. Ba4 d6 7. d3 Be6 8. Bd2
b5 9. Bb3 Rb8 10. Bxe6 b4 11. Nd5 Rc8 12. Bxc8 Qxc8 13. Nxe7 Bxe7 14. Qe2 O-O
15. c3 a5 16. cxb4 axb4 17. Rac1 Nd4 18. Nxd4 exd4 19. Bxb4 c5 20. Ba3 f5 21.
exf5 Rxf5 22. Qxe7 Re5 23. Qxd6 Rh5 24. Bxc5 Rh6 25. Qxd4 Re6 26. Rfe1 Rf6 27.
Be7 Rf7 28. Rxc8+ Rf8 29. Rxf8# 1-0

[Event "Junior Online 4NCL Division 5"]
[Site "online"]
[Date "2020.05.14"]
[Round "5.205"]
[White "Bleeg, Elliott"]
[Black "Knight, Michael D"]
[Result "1-0"]
[WhiteElo "1307"]
[BlackElo "1210"]
[PlyCount "105"]
[EventDate "2020.05.14"]
[WhiteTeam "Bristol Bishops"]
[BlackTeam "Uxbridge Juniors Jamma"]

1. e4 e6 2. d4 d5 3. e5 c5 4. Nc3 Nc6 5. Nf3 Bd7 6. Be2 Nge7 7. O-O Nf5 8. Be3
Be7 9. Qd2 O-O 10. Bd3 Nxe3 11. Qxe3 c4 12. Be2 Nb4 13. Qd2 a5 14. a3 Nc6 15.
Rfe1 Qb6 16. Rab1 a4 17. Qe3 h6 18. Qf4 Bg5 19. Qg4 Be7 20. Red1 Qd8 21. Re1
Na5 22. Bf1 Bg5 23. Nxg5 Qxg5 24. Qxg5 hxg5 25. Be2 Nc6 26. Red1 Ne7 27. Bh5
Nf5 28. Bg4 b5 29. Be2 Rfe8 30. g4 Nh4 31. h3 Kf8 32. Kh2 Ke7 33. Kg3 f6 34.
exf6+ gxf6 35. Rf1 Bc6 36. Bf3 Kf8 37. Rfe1 f5 38. gxf5 Nxf5+ 39. Kg4 Nxd4 40.
Rbc1 Nxf3 41. Kxf3 d4+ 42. Kg4 dxc3 43. bxc3 Rad8 44. Kxg5 Rd2 45. Kf6 Rxf2+
46. Kg6 Rh2 47. Kf6 Bd5 48. Rg1 Rxh3 49. Rg4 Re7 50. Rcg1 Rf7+ 51. Ke5 Rxc3 52.
Kd6 Rxc2 53. Rg8# 1-0

[Event "Junior Online 4NCL Division 5"]
[Site "online"]
[Date "2020.05.14"]
[Round "5.206"]
[White "Aurangabadkar, Anish R"]
[Black "Saha, Soumil"]
[Result "1/2-1/2"]
[WhiteElo "1075"]
[BlackElo "1075"]
[PlyCount "80"]
[EventDate "2020.05.14"]
[WhiteTeam "Uxbridge Juniors Jamma"]
[BlackTeam "Bristol Bishops"]

1. e4 e6 2. Nf3 Nc6 3. Bc4 d6 4. Nc3 Nf6 5. d3 Be7 6. Bf4 e5 7. Bg5 Bg4 8. Bxf6
Bxf3 9. Qxf3 Bxf6 10. O-O O-O 11. Nd5 Nd4 12. Qe3 Nxc2 13. Nxf6+ Qxf6 14. Qf3
Qxf3 15. gxf3 Nxa1 16. Rxa1 c5 17. b3 a6 18. h3 b5 19. Bd5 Ra7 20. a4 bxa4 21.
bxa4 a5 22. Kg2 h6 23. Kg3 Rb8 24. f4 exf4+ 25. Kxf4 Ra6 26. e5 dxe5+ 27. Kxe5
Rab6 28. d4 Rb1 29. Rxb1 Rxb1 30. dxc5 Re1+ 31. Be4 Rd1 32. c6 Rd8 33. f4 f6+
34. Ke6 Kf8 35. c7 Re8+ 36. Kd7 Re7+ 37. Kd8 Re8+ 38. Kd7 Re7+ 39. Kd8 Re8+ 40.
Kd7 Re7+ 1/2-1/2

[Event "Junior Online 4NCL Division 5"]
[Site "online"]
[Date "2020.05.14"]
[Round "5.207"]
[White "Clegg, Anya"]
[Black "Shotton, Alex"]
[Result "1-0"]
[WhiteElo "1142"]
[BlackElo "1067"]
[PlyCount "33"]
[EventDate "2020.05.14"]
[WhiteTeam "Bristol Bishops"]
[BlackTeam "Uxbridge Juniors Jamma"]

1. d4 d6 2. Nf3 e5 3. e3 Nf6 4. dxe5 Ne4 5. Bd3 Ng5 6. O-O dxe5 7. Nxe5 f6 8.
Nf3 f5 9. Nbd2 Be6 10. b3 Nc6 11. Bb2 Bd6 12. e4 fxe4 13. Nxe4 Nxe4 14. Bxe4
O-O 15. Ng5 Bd7 16. Qh5 g6 17. Qxh7# 1-0

[Event "Junior Online 4NCL Division 5"]
[Site "online"]
[Date "2020.05.14"]
[Round "5.208"]
[White "Ng, Jacob"]
[Black "Manouvel, Maelys"]
[Result "0-1"]
[WhiteElo "925"]
[BlackElo "1037"]
[PlyCount "82"]
[EventDate "2020.05.14"]
[WhiteTeam "Uxbridge Juniors Jamma"]
[BlackTeam "Bristol Bishops"]

1. d4 Nf6 2. Nf3 d5 3. Nc3 Nc6 4. Bf4 Bg4 5. Bg5 e6 6. e3 Be7 7. Bd3 e5 8. h3
Bh5 9. g4 Bg6 10. Bxg6 hxg6 11. Bxf6 Bxf6 12. dxe5 Bxe5 13. Nxe5 Nxe5 14. e4 c6
15. f3 Qd6 16. exd5 cxd5 17. f4 Nf3+ 18. Kf2 Nh4 19. Nb5 Qc5+ 20. Nd4 O-O 21.
a3 Qb6 22. c3 Qxb2+ 23. Nc2 Qxc3 24. Qxd5 Qxc2+ 25. Kg3 g5 26. fxg5 Ng6 27.
Rhc1 Qe2 28. Rc2 Qe3+ 29. Kh2 Nf4 30. Qf5 Qxh3+ 31. Kg1 Qg3+ 32. Kh1 Nh3 33.
Rg2 Qh4 34. Kh2 Nxg5+ 35. Kg1 Nh3+ 36. Kh2 Rad8 37. Rf1 Nf4+ 38. Kg1 Nxg2 39.
Kxg2 Rd2+ 40. Kg1 Qg3+ 41. Kh1 Qh2# 0-1

[Event "Junior Online 4NCL Division 5"]
[Site "online"]
[Date "2020.05.14"]
[Round "5.211"]
[White "Deeke, James"]
[Black "Sapsford, Oliver"]
[Result "0-1"]
[WhiteElo "1360"]
[BlackElo "1359"]
[PlyCount "50"]
[EventDate "2020.05.14"]
[WhiteTeam "Ojays G"]
[BlackTeam "Entangled States"]

1. e4 e6 2. d4 d5 3. exd5 exd5 4. Nc3 Nf6 5. Bg5 Be7 6. Bxf6 Bxf6 7. Be2 O-O 8.
Qd2 Nc6 9. Nf3 Bg4 10. Qf4 Bxf3 11. Qxf3 Nxd4 12. Qxd5 Nxc2+ 13. Kf1 Nxa1 14.
Qxb7 Rb8 15. Qxa7 Rxb2 16. Nd1 Rxe2 17. Kxe2 Re8+ 18. Ne3 Nc2 19. Qc5 Nxe3 20.
fxe3 Bd4 21. Qc4 Bxe3 22. Qd3 Bf4+ 23. Kf3 Qxd3+ 24. Kxf4 Re4+ 25. Kf5 Qd5# 0-1

[Event "Junior Online 4NCL Division 5"]
[Site "online"]
[Date "2020.05.14"]
[Round "5.212"]
[White "Watkins, Gabby"]
[Black "Liu, Franklin"]
[Result "1/2-1/2"]
[WhiteElo "1045"]
[BlackElo "1300"]
[PlyCount "94"]
[EventDate "2020.05.14"]
[WhiteTeam "Entangled States"]
[BlackTeam "Ojays G"]

1. c4 e5 2. g3 Nc6 3. Bg2 b6 4. Nc3 Bb7 5. e3 Nf6 6. d4 exd4 7. exd4 Be7 8.
Nge2 d6 9. O-O O-O 10. Re1 Re8 11. Bg5 h6 12. Bf4 Qd7 13. Qd3 Rad8 14. a3 Qc8
15. Rad1 Nb8 16. d5 Nbd7 17. b4 Nf8 18. Nd4 Ng6 19. Qd2 Nh5 20. Be3 Nf6 21. Nc6
Bxc6 22. dxc6 Bf8 23. Bd4 Rxe1+ 24. Rxe1 Be7 25. b5 Re8 26. Nd5 Nxd5 27. Bxd5
Qd8 28. Bc3 Bg5 29. Qd1 Ne5 30. Bxe5 dxe5 31. Qf3 Bf6 32. Rd1 Qc8 33. Qh5 Re7
34. Be4 Qe6 35. Rd8+ Re8 36. Rxe8+ Qxe8 37. Qf5 Kf8 38. Qh7 Ke7 39. Qf5 Kf8 40.
Qd7 Be7 41. Bd5 Bxa3 42. Qf5 Be7 43. Qh7 Bf6 44. Qh8+ Ke7 45. Qh7 Kf8 46. Qh8+
Ke7 47. Qh7 Kf8 1/2-1/2

[Event "Junior Online 4NCL Division 5"]
[Site "online"]
[Date "2020.05.14"]
[Round "5.213"]
[White "Webb, Tom"]
[Black "Wynn, Lewis"]
[Result "1-0"]
[WhiteElo "1285"]
[BlackElo "966"]
[PlyCount "65"]
[EventDate "2020.05.14"]
[WhiteTeam "Ojays G"]
[BlackTeam "Entangled States"]

1. e4 e5 2. Nf3 Nc6 3. Bc4 Nf6 4. d4 Nxe4 5. Qe2 Bb4+ 6. c3 Qf6 7. cxb4 Nxd4 8.
Qxe4 Nxf3+ 9. Qxf3 Qe7 10. O-O Qxb4 11. Bb3 O-O 12. Nc3 d5 13. Nxd5 Qd4 14. Qg3
Be6 15. Nxc7 Rac8 16. Nxe6 fxe6 17. Bxe6+ Kh8 18. Bxc8 Rxc8 19. Be3 Qxb2 20.
Rfc1 Rxc1+ 21. Rxc1 Qxa2 22. Rc8+ Qg8 23. Rxg8+ Kxg8 24. Qxe5 h6 25. Qc7 a5 26.
Qxa5 b6 27. Qxb6 Kh7 28. f4 Kg8 29. g4 Kh7 30. h4 Kh8 31. g5 Kh7 32. g6+ Kg8
33. Qb8# 1-0

[Event "Junior Online 4NCL Division 5"]
[Site "online"]
[Date "2020.05.14"]
[Round "5.214"]
[White "Rees, Jack"]
[Black "Chen, Yourui"]
[Result "0-1"]
[WhiteElo "666"]
[BlackElo "1270"]
[PlyCount "84"]
[EventDate "2020.05.14"]
[WhiteTeam "Entangled States"]
[BlackTeam "Ojays G"]

1. e4 c5 2. d4 b6 3. Bb5 e6 4. Nf3 Nc6 5. O-O d5 6. exd5 exd5 7. Re1+ Be7 8.
Bg5 f6 9. Bf4 Bb7 10. Bd6 Qxd6 11. Nc3 O-O-O 12. a4 f5 13. Ng5 Bxg5 14. Qh5 Bd2
15. Re2 Bxc3 16. bxc3 g6 17. Qg5 cxd4 18. cxd4 Nxd4 19. Rd2 Nxb5 20. axb5 Qf6
21. f4 Qxg5 22. fxg5 Kb8 23. c3 h5 24. Rda2 Rc8 25. Rxa7 Rxc3 26. R7a6 Bxa6 27.
bxa6 Ka7 28. Kf2 Rc2+ 29. Kf3 Ne7 30. Ke3 Nc6 31. Kd3 Rxg2 32. Kc3 d4+ 33. Kc4
Rc2+ 34. Kb5 d3 35. Rd1 d2 36. Ra1 Rd8 37. Rd1 Rc1 38. Ka4 Rxd1 39. Kb3 Rb1+
40. Kc2 d1=Q+ 41. Kc3 Rd3+ 42. Kc4 Qc2# 0-1

[Event "Junior Online 4NCL Division 5"]
[Site "online"]
[Date "2020.05.14"]
[Round "5.215"]
[White "Sapsford, Oliver"]
[Black "Deeke, James"]
[Result "0-1"]
[WhiteElo "1359"]
[BlackElo "1360"]
[PlyCount "158"]
[EventDate "2020.05.14"]
[WhiteTeam "Entangled States"]
[BlackTeam "Ojays G"]

1. e4 e5 2. Nf3 Nc6 3. Bb5 Nf6 4. Nc3 a6 5. Ba4 b5 6. Bb3 h6 7. d4 d6 8. dxe5
dxe5 9. Qxd8+ Nxd8 10. Nxe5 Be6 11. Bxe6 Nxe6 12. Nc6 a5 13. Nxb5 Nxe4 14. O-O
Rb8 15. Nbd4 Rb6 16. Re1 N4c5 17. Nxe6 Nxe6 18. Ne5 Bd6 19. Bf4 Rb5 20. Bg3 O-O
21. b3 Nd4 22. c4 Rb6 23. Rac1 Bxe5 24. Bxe5 c5 25. Bc7 Ra6 26. Re5 Rc8 27.
Bxa5 Rxa5 28. Ra1 Kf8 29. Rd5 Nc2 30. Rc1 Nd4 31. Kf1 Rxa2 32. Rb1 Rb8 33. Rxc5
Nxb3 34. Rb5 Nd2+ 35. Ke1 Rxb5 36. Rxb5 Nxc4 37. Rb8+ Ke7 38. Rb7+ Kf6 39. Rc7
Ne5 40. Rc3 Ra1+ 41. Ke2 Ra2+ 42. Ke3 Ng4+ 43. Kf4 Nxf2 44. Rc6+ Ke7 45. Rc7+
Ke8 46. Ke5 Ra6 47. Rc8+ Kd7 48. Rc2 Nd3+ 49. Ke4 Rd6 50. Ra2 Nc5+ 51. Ke5 f6+
52. Kf5 Kc6 53. Ra8 Rd5+ 54. Kg6 Rg5+ 55. Kf7 f5 56. Rc8+ Kd6 57. Rd8+ Nd7 58.
Ke8 Ke6 59. Rxd7 g6 60. Re7+ Kf6 61. Kd7 f4 62. Re6+ Kf5 63. Kd6 Rxg2 64. Re5+
Kf6 65. Re6+ Kg5 66. Re5+ Kh4 67. Re4 g5 68. Ke5 Rxh2 69. Kf5 Kg3 70. Ra4 f3
71. Ra3 g4 72. Ke4 Re2+ 73. Kd4 Kg2 74. Ra1 f2 75. Kd3 Re1 76. Ra2 Kg1 77. Kd4
f1=Q 78. Kc5 Rc1+ 79. Kb6 Qf7 0-1

[Event "Junior Online 4NCL Division 5"]
[Site "online"]
[Date "2020.05.14"]
[Round "5.216"]
[White "Liu, Franklin"]
[Black "Watkins, Gabby"]
[Result "1-0"]
[WhiteElo "1300"]
[BlackElo "1045"]
[PlyCount "85"]
[EventDate "2020.05.14"]
[WhiteTeam "Ojays G"]
[BlackTeam "Entangled States"]

1. e4 c6 2. Nc3 d5 3. exd5 cxd5 4. Nf3 Bf5 5. Be2 e6 6. d3 Nf6 7. Bd2 Bc5 8. a3
Nbd7 9. b4 Be7 10. Nd4 O-O 11. Nxf5 Re8 12. Nxe7+ Rxe7 13. O-O Rc8 14. Na4 b5
15. Nb2 e5 16. f3 Nh5 17. Re1 Nf4 18. Bxf4 exf4 19. Rc1 Qb6+ 20. Kh1 Re3 21. c4
bxc4 22. dxc4 d4 23. c5 Qh6 24. Nc4 Re6 25. Qxd4 Nf8 26. Nd6 Rd8 27. Qf2 Qh5
28. Bc4 Rf6 29. Re7 Kh8 30. Nxf7+ Rxf7 31. Rxf7 Ng6 32. Qb2 Qh6 33. Rxa7 Re8
34. Bf7 Rf8 35. Bxg6 Qxg6 36. c6 h6 37. c7 Rc8 38. Rb7 Qd6 39. Rb8 Qd7 40.
Rxc8+ Qxc8 41. Qd4 Kh7 42. Qd8 Qe6 43. Qd3+ 1-0

[Event "Junior Online 4NCL Division 5"]
[Site "online"]
[Date "2020.05.14"]
[Round "5.217"]
[White "Wynn, Lewis"]
[Black "Webb, Tom"]
[Result "0-1"]
[WhiteElo "966"]
[BlackElo "1285"]
[PlyCount "46"]
[EventDate "2020.05.14"]
[WhiteTeam "Entangled States"]
[BlackTeam "Ojays G"]

1. e4 e5 2. Nf3 Nc6 3. c3 Bc5 4. d4 exd4 5. cxd4 Bb4+ 6. Bd2 Bxd2+ 7. Nbxd2 Nf6
8. e5 Nd5 9. Bb5 a6 10. Ba4 O-O 11. O-O d6 12. exd6 Qxd6 13. Ne5 Nxe5 14. dxe5
Qxe5 15. Re1 Qxb2 16. Rb1 Qd4 17. Nf3 Qxd1 18. Rbxd1 Nc3 19. Rd3 Nxa4 20. Red1
Bf5 21. Ne5 Bxd3 22. Rxd3 Rfe8 23. Nd7 Re1# 0-1

[Event "Junior Online 4NCL Division 5"]
[Site "online"]
[Date "2020.05.14"]
[Round "5.218"]
[White "Chen, Yourui"]
[Black "Rees, Jack"]
[Result "1-0"]
[WhiteElo "1270"]
[BlackElo "666"]
[PlyCount "51"]
[EventDate "2020.05.14"]
[WhiteTeam "Ojays G"]
[BlackTeam "Entangled States"]

1. e4 c5 2. Nf3 Nc6 3. d4 e6 4. d5 exd5 5. exd5 Qa5+ 6. Bd2 Nd4 7. Bxa5 d6 8.
Nxd4 cxd4 9. Qxd4 b6 10. Bb5+ Bd7 11. Bxd7+ Kxd7 12. Bxb6 axb6 13. Qxb6 Nf6 14.
Qb7+ Kd8 15. Qxa8+ Kd7 16. O-O Be7 17. Qxh8 Ng8 18. Qxg8 Bd8 19. Qxf7+ Kc8 20.
Qe6+ Kc7 21. Qf7+ Be7 22. Qxe7+ Kb8 23. Re1 Ka8 24. Qxg7 Kb8 25. Qxh7 Ka8 26.
Re8# 1-0

[Event "Junior Online 4NCL Division 5"]
[Site "online"]
[Date "2020.05.14"]
[Round "5.221"]
[White "Santhosh, Alwis Joe"]
[Black "Jardzioch, Ernest"]
[Result "1-0"]
[WhiteElo "1217"]
[BlackElo "1090"]
[PlyCount "57"]
[EventDate "2020.05.14"]
[WhiteTeam "Ojays H"]
[BlackTeam "St Albans Early Knights 4"]

1. e4 e5 2. Nf3 Nc6 3. Bc4 Bc5 4. c3 Nf6 5. d4 exd4 6. cxd4 Bb4+ 7. Bd2 Bxd2+
8. Nbxd2 O-O 9. O-O a6 10. a4 d6 11. Bd3 Bg4 12. h3 Bh5 13. Qc2 Bg6 14. e5 dxe5
15. Bxg6 fxg6 16. dxe5 Nd5 17. Rfe1 Ncb4 18. Qb3 b5 19. axb5 axb5 20. Rxa8 Qxa8
21. e6 Re8 22. e7 c5 23. Qd1 Nd3 24. Re6 Nxb2 25. Qb1 Qa3 26. Ne4 Rxe7 27. Rc6
Nc3 28. Rc8+ Kf7 29. Nfg5# 1-0

[Event "Junior Online 4NCL Division 5"]
[Site "online"]
[Date "2020.05.14"]
[Round "5.222"]
[White "Booy, Robbie"]
[Black "Wang, Yile"]
[Result "0-1"]
[WhiteElo "1075"]
[BlackElo "1127"]
[PlyCount "66"]
[EventDate "2020.05.14"]
[WhiteTeam "St Albans Early Knights 4"]
[BlackTeam "Ojays H"]

1. e4 e5 2. Bc4 Nf6 3. d3 Nc6 4. Be3 d5 5. exd5 Nxd5 6. Bxd5 Qxd5 7. Nc3 Qxg2
8. Nb5 Bd6 9. Bg5 Qxg5 10. Nf3 Qg2 11. Qe2 Qxh1+ 12. Qf1 Qxf1+ 13. Kxf1 Bh3+
14. Ke2 O-O-O 15. Nxd6+ Rxd6 16. Nd4 Rxd4 17. Ke3 f5 18. c3 f4+ 19. Kf3 Rxd3+
20. Ke4 Rd2 21. Kf3 h5 22. Re1 Bg4+ 23. Ke4 Re2+ 24. Rxe2 Bxe2 25. Kf5 Rd8 26.
Ke6 Rd2 27. Kf5 Bd3+ 28. Kg5 Rxf2 29. Kxh5 Rg2 30. b4 Kd7 31. b5 Ke6 32. a4 Kf5
33. a5 Rxh2# 0-1

[Event "Junior Online 4NCL Division 5"]
[Site "online"]
[Date "2020.05.14"]
[Round "5.223"]
[White "Terrado, Rhianne"]
[Black "Burke, Joshua"]
[Result "1-0"]
[WhiteElo "1120"]
[BlackElo "917"]
[PlyCount "25"]
[EventDate "2020.05.14"]
[WhiteTeam "Ojays H"]
[BlackTeam "St Albans Early Knights 4"]

1. e4 e5 2. Nf3 f6 3. Bc4 Nh6 4. d3 d6 5. Nc3 c6 6. Be3 a6 7. Qe2 b5 8. Bb3 c5
9. a3 c4 10. dxc4 bxc4 11. Qxc4 Nd7 12. Bxh6 gxh6 13. Qf7# 1-0

[Event "Junior Online 4NCL Division 5"]
[Site "online"]
[Date "2020.05.14"]
[Round "5.224"]
[White "Owladi, Maya"]
[Black "Rivera Machens, Rafael"]
[Result "0-1"]
[WhiteElo "842"]
[BlackElo "1067"]
[PlyCount "68"]
[EventDate "2020.05.14"]
[WhiteTeam "St Albans Early Knights 4"]
[BlackTeam "Ojays H"]

1. e4 e6 2. Nf3 Nc6 3. Nc3 Bb4 4. e5 f6 5. exf6 Nxf6 6. Bc4 d5 7. Bb5 Bd7 8.
Bxc6 Bxc6 9. Ne5 Bb5 10. Nxb5 c6 11. Nc3 d4 12. a3 Bd6 13. Nf3 dxc3 14. bxc3
O-O 15. O-O Re8 16. d3 Bc7 17. Bg5 h6 18. Bxf6 Qxf6 19. Qe1 Ba5 20. d4 c5 21.
Rb1 cxd4 22. Nxd4 Rac8 23. Rxb7 Bxc3 24. Qd1 Qxd4 25. Qxd4 Bxd4 26. Rd1 Bb6 27.
Rdd7 Bc5 28. Rxg7+ Kh8 29. Rh7+ Kg8 30. Rbg7+ Kf8 31. Rd7 Re7 32. Rh8+ Kf7 33.
Rxc8 Rxd7 34. Rxc5 Rd1# 0-1

[Event "Junior Online 4NCL Division 5"]
[Site "online"]
[Date "2020.05.14"]
[Round "5.225"]
[White "Jardzioch, Ernest"]
[Black "Santhosh, Alwis Joe"]
[Result "1-0"]
[WhiteElo "1090"]
[BlackElo "1217"]
[PlyCount "97"]
[EventDate "2020.05.14"]
[WhiteTeam "St Albans Early Knights 4"]
[BlackTeam "Ojays H"]

1. g3 e5 2. e4 Nf6 3. Nc3 Bc5 4. Bg2 d5 5. exd5 Ng4 6. Ne4 Qe7 7. Nf3 f5 8.
Nxc5 Qxc5 9. O-O O-O 10. d4 exd4 11. Qxd4 Qxd4 12. Nxd4 Bd7 13. Bf4 Rc8 14. d6
c6 15. h3 Nf6 16. c4 Na6 17. Rab1 Rd8 18. b4 Nb8 19. b5 Rc8 20. bxc6 bxc6 21.
Rb7 a6 22. Rc7 c5 23. Rxc8+ Bxc8 24. Bxa8 cxd4 25. Rd1 Nbd7 26. Rxd4 Nb6 27.
Bd5+ Kh8 28. Be5 Nfd7 29. f4 Nxd5 30. Rxd5 Kg8 31. c5 Bb7 32. Rd4 Bc6 33. g4
fxg4 34. hxg4 Nxc5 35. Rc4 Kf7 36. Rxc5 Bd7 37. Rc7 Ke6 38. f5+ Kxe5 39. Rxd7
Kd5 40. Kf2 Kc6 41. Rxg7 Kd5 42. Rxh7 Kxd6 43. Ra7 Ke5 44. Rxa6 Kf4 45. f6 Kxg4
46. f7 Kf5 47. f8=Q+ Ke5 48. Ra7 Kd5 49. Re7 1-0

[Event "Junior Online 4NCL Division 5"]
[Site "online"]
[Date "2020.05.14"]
[Round "5.226"]
[White "Wang, Yile"]
[Black "Booy, Robbie"]
[Result "1-0"]
[WhiteElo "1127"]
[BlackElo "1075"]
[PlyCount "93"]
[EventDate "2020.05.14"]
[WhiteTeam "Ojays H"]
[BlackTeam "St Albans Early Knights 4"]

1. e4 e5 2. Nf3 Nc6 3. Bc4 Nf6 4. Nc3 d6 5. d3 Bg4 6. O-O Bxf3 7. Qxf3 Nd4 8.
Qg3 Ne2+ 9. Nxe2 Nh5 10. Qf3 Nf6 11. Bg5 Be7 12. Nc3 h6 13. Bh4 Qd7 14. Nd5
Nxd5 15. Bxd5 Bxh4 16. Rad1 O-O-O 17. d4 exd4 18. Rxd4 Bf6 19. Rb4 b5 20. a4 c6
21. e5 Bxe5 22. Bxc6 Qc7 23. Rxb5 Bd4 24. Rb7 d5 25. Rxc7+ Kxc7 26. Bxd5 Rhe8
27. h3 Rd7 28. Bc6 Be5 29. Bxd7 Kxd7 30. Qxf7+ Re7 31. Qd5+ Bd6 32. Rd1 Re6 33.
Qb7+ Kd8 34. Qb8+ Kd7 35. Qxa7+ Kd8 36. Qxg7 Kc8 37. Qg8+ Kd7 38. Qf7+ Re7 39.
Qf5+ Re6 40. Qb5+ Kd8 41. Qb8+ Kd7 42. a5 Ke7 43. Qb7+ Kd8 44. Qb6+ Kd7 45. a6
Re8 46. a7 Ra8 47. Qb7+ 1-0

[Event "Junior Online 4NCL Division 5"]
[Site "online"]
[Date "2020.05.14"]
[Round "5.227"]
[White "Burke, Joshua"]
[Black "Terrado, Rhianne"]
[Result "0-1"]
[WhiteElo "917"]
[BlackElo "1120"]
[PlyCount "98"]
[EventDate "2020.05.14"]
[WhiteTeam "St Albans Early Knights 4"]
[BlackTeam "Ojays H"]

1. e4 e5 2. d3 Nc6 3. Be3 Bc5 4. Bxc5 d6 5. Be3 Nf6 6. Nf3 Be6 7. Be2 Qd7 8.
Bf1 Qe7 9. g3 h6 10. Bg2 Qd7 11. O-O Ng4 12. a3 Nf6 13. h3 a6 14. b4 Ne7 15.
Nc3 Ng6 16. Qe2 Qc8 17. a4 Qd7 18. a5 Qc6 19. Bd2 Qd7 20. Rfb1 O-O 21. Ra4 b5
22. Raa1 c6 23. Kf1 Rad8 24. h4 Ng4 25. Kg1 Nf6 26. h5 Nxh5 27. d4 Bh3 28. dxe5
Bg4 29. Qf1 dxe5 30. Rd1 Qe6 31. Be3 Rde8 32. Bc5 Ne7 33. Rd6 Qc8 34. Nxe5 Be6
35. Qe2 Nf6 36. Rad1 Kh7 37. Nd3 Bg4 38. f3 Be6 39. e5 Nfg8 40. Nf4 Bf5 41.
R1d2 g5 42. Qd1 gxf4 43. Bb6 c5 44. Rd8 Rxd8 45. Rxd8 Rxd8 46. Bxd8 fxg3 47.
Bxe7 Nxe7 48. bxc5 Qxc5+ 49. Kf1 Qf2# 0-1

[Event "Junior Online 4NCL Division 5"]
[Site "online"]
[Date "2020.05.14"]
[Round "5.228"]
[White "Rivera Machens, Rafael"]
[Black "Owladi, Maya"]
[Result "0-1"]
[WhiteElo "1067"]
[BlackElo "842"]
[PlyCount "126"]
[EventDate "2020.05.14"]
[WhiteTeam "Ojays H"]
[BlackTeam "St Albans Early Knights 4"]

1. e4 e5 2. Nf3 Nc6 3. Bc4 Nf6 4. Ng5 d5 5. exd5 Nxd5 6. Nxf7 Kxf7 7. Qf3+ Ke8
8. Qxd5 Qxd5 9. Bxd5 Bf5 10. Bxc6+ bxc6 11. d3 Bb4+ 12. c3 Bc5 13. O-O Bxd3 14.
Rd1 Bxb1 15. Rxb1 e4 16. Re1 e3 17. Bxe3 Bxe3 18. Rxe3+ Kd7 19. Rd1+ Kc8 20.
Rde1 Rd8 21. Re8 Rxe8 22. Rxe8+ Kb7 23. Re7 Rd8 24. h3 Rd1+ 25. Kh2 Ra1 26. a3
Rb1 27. b4 Rc1 28. Rxg7 Rxc3 29. Rxh7 Rxa3 30. Rh5 Ra4 31. b5 Kb6 32. bxc6 Kxc6
33. Rh6+ Kc5 34. Rh5+ Kb4 35. Rh4+ Kb3 36. Rh7 c5 37. Rc7 c4 38. Kg1 Ra1+ 39.
Kh2 c3 40. Rb7+ Kc4 41. Rc7+ Kd3 42. Rd7+ Ke2 43. Re7+ Kxf2 44. Rc7 Ra3 45.
Rf7+ Ke2 46. Rc7 a5 47. Re7+ Kd3 48. Rd7+ Kc4 49. Rc7+ Kb3 50. Rg7 c2 51. Rg3+
Kb2 52. h4 c1=Q 53. h5 a4 54. h6 Ra1 55. Kh3 Qh1+ 56. Kg4 Qxh6 57. Kf3 a3 58.
Rg4 Rf1+ 59. Kg3 a2 60. Rb4+ Ka3 61. Rh4 Qg6+ 62. Rg4 Qd6+ 63. Kh3 Rh1# 0-1

[Event "Junior Online 4NCL Division 5"]
[Site "online"]
[Date "2020.05.14"]
[Round "5.231"]
[White "Burke, Alexander"]
[Black "Dobariya, Asin"]
[Result "1-0"]
[WhiteElo "1300"]
[BlackElo "985"]
[PlyCount "115"]
[EventDate "2020.05.14"]
[WhiteTeam "Manchester Juniors B"]
[BlackTeam "Leicestershire Juniors 5"]

1. d4 d5 2. e3 Nc6 3. c4 dxc4 4. Bxc4 Nf6 5. Nf3 Bg4 6. Be2 e6 7. a3 Bd6 8. Nc3
O-O 9. O-O e5 10. dxe5 Nxe5 11. Nxe5 Bxe5 12. Qxd8 Rfxd8 13. Bxg4 Nxg4 14. Bd2
Bxh2+ 15. Kh1 Be5 16. Be1 h6 17. f4 Bd6 18. Bf2 Nxf2+ 19. Rxf2 Rd7 20. Nb5 Bc5
21. Re2 Re8 22. e4 Ree7 23. b4 Bb6 24. a4 Bd4 25. Rd1 Bb6 26. Rxd7 Rxd7 27. a5
Bd4 28. Rd2 Be3 29. Rxd7 Bxf4 30. Nxc7 g5 31. g4 a6 32. Ne8 Kh8 33. Rxb7 h5 34.
gxh5 g4 35. Rxf7 Bd2 36. Kg2 Kg8 37. Rg7+ Kf8 38. Rxg4 Bxb4 39. h6 Bxa5 40. h7
Bc3 41. Nd6 a5 42. Nc4 a4 43. e5 a3 44. h8=Q+ Kf7 45. Rg7+ Ke6 46. Qe8+ Kd5 47.
Rd7+ Kxc4 48. Qc8+ Kb3 49. Rb7+ Kc2 50. Rc7 a2 51. Rxc3+ Kb1 52. Rc1+ Kb2 53.
Qc2+ Ka3 54. Qc5+ Kb3 55. Rc3+ Kb2 56. Rc4 a1=Q 57. Rb4+ Ka3 58. Qa5# 1-0

[Event "Junior Online 4NCL Division 5"]
[Site "online"]
[Date "2020.05.14"]
[Round "5.232"]
[White "Wakelin, Sam"]
[Black "Eccleston, Rowan"]
[Result "0-1"]
[WhiteElo "887"]
[BlackElo "1217"]
[PlyCount "36"]
[EventDate "2020.05.14"]
[WhiteTeam "Leicestershire Juniors 5"]
[BlackTeam "Manchester Juniors B"]

1. d4 e6 2. e4 d5 3. Bf4 c5 4. Nf3 Nf6 5. Nc3 dxe4 6. Ne5 cxd4 7. Bb5+ Bd7 8.
Bxd7+ Nbxd7 9. Nxd7 Qxd7 10. Ne2 Bc5 11. Be5 Rd8 12. c3 d3 13. Nd4 Bxd4 14.
cxd4 Qd5 15. Qd2 Ng4 16. Bc7 Rc8 17. Rc1 Qxd4 18. Qd1 Qxf2# 0-1

[Event "Junior Online 4NCL Division 5"]
[Site "online"]
[Date "2020.05.14"]
[Round "5.233"]
[White "Casserly, Darcy"]
[Black "Morris, Conor"]
[Result "0-1"]
[WhiteElo "1075"]
[BlackElo "947"]
[PlyCount "100"]
[EventDate "2020.05.14"]
[WhiteTeam "Manchester Juniors B"]
[BlackTeam "Leicestershire Juniors 5"]

1. e4 e5 2. Nf3 Nf6 3. Nxe5 Nxe4 4. Qe2 d5 5. d3 f6 6. Qh5+ g6 7. Qe2 fxe5 8.
dxe4 dxe4 9. Qxe4 Qe7 10. Bb5+ c6 11. Bd3 Bf5 12. Qf3 e4 13. Bxe4 Bxe4 14. Qg3
Bxg2+ 15. Be3 Bxh1 16. Nc3 Qb4 17. Qe5+ Be7 18. Qxh8+ Bf8 19. O-O-O Bf3 20. Bh6
Bxd1 21. Nxd1 Na6 22. Qxf8+ Qxf8 23. Bxf8 Kxf8 24. Nc3 Re8 25. Kd2 Rd8+ 26. Ke3
Re8+ 27. Kd4 h5 28. Ne4 b6 29. Nd6 Rd8 30. Ke5 g5 31. Nb7 Rd2 32. f4 gxf4 33.
Kxf4 Rxh2 34. b4 h4 35. Kf3 h3 36. Kg3 Rg2+ 37. Kxh3 Rxc2 38. a4 Nxb4 39. Kg3
c5 40. Kf4 c4 41. Ke4 Rd2 42. Ke3 c3 43. Kf3 c2 44. Ke3 Rd1 45. Kf4 c1=Q+ 46.
Ke5 Qe3+ 47. Kf5 Rf1+ 48. Kg4 Qg1+ 49. Kh3 Rf6 50. Kh4 Rh6# 0-1